The social construction of reality

Đã lưu trong:
书目详细资料
主要作者: Berger, Peter L.
格式: 图书
语言:Undetermined
出版: England Penguin Books 1966
主题:
标签: 添加标签
没有标签, 成为第一个标记此记录!
Thư viện lưu trữ: Trung tâm Học liệu Trường Đại học Cần Thơ
LEADER 00501nam a2200181Ia 4500
001 CTU_89473
008 210402s9999 xx 000 0 und d
082 |a 301.01 
082 |b B496 
100 |a Berger, Peter L. 
245 4 |a The social construction of reality 
245 0 |c Peter L. Berger, Thomas Luckmann 
260 |a England 
260 |b Penguin Books 
260 |c 1966 
650 |a Knowledge, sociology of 
904 |i Mai Loan 
980 |a Trung tâm Học liệu Trường Đại học Cần Thơ